000 00806cam a22002531 4500
001 29040
003 BD-RjUL
005 20211209051350.0
008 140402s1957 ilu b 001 0 eng d
035 _a(BD-RjUL)29125
040 _aDLC
_cDLC
_dDLC
_dBD-RjUL
_beng
041 _aeng
082 0 0 _a141
_bIDE 1957
245 0 4 _aThe idealist tradition :
_b from Berkeley to Blanshard /
_cEdited with an introduction and commentary by A C Ewing
260 _aGlencoe, Illinois :
_bFree Press,
_c1957.
300 _a369 p. ;
_c22 cm.
490 0 _aThe Library of philosophical movements
504 _aIncludes bibliography and index
650 0 _aIdealism.
_9274
700 _aEwing, A C, ed.
_9128459
830 _aThe Library of philosophical movements
_9128460
942 _2ddc
_cBK
999 _c29040
_d29040